| 000 | 00412nam a22001577a 4500 | ||
|---|---|---|---|
| 999 |
_c1282 _d1282 |
||
| 008 | 200120b ||||| |||| 00| 0 eng d | ||
| 082 | 0 | 0 |
_a604.2 _bB6144 |
| 100 |
_9873 _aBinns, H. |
||
| 245 | 1 | 0 |
_aExamples in engineering drawing and design, Vol - II _cby H Binns |
| 250 | _a1st | ||
| 260 |
_aLondon _bHodder & Stoughton _c1946 |
||
| 300 | _a96p. | ||
| 365 | _d5.14 | ||
| 650 | 0 | _aMechanical Drawing | |
| 942 | _cBK | ||